[Event "Chigorin Memorial 23rd"]
[Site "St Petersburg"]
[Date "2015.10.07"]
[Round "5"]
[White "Vinod, Gopal"]
[Black "Urazayev, Arystanbek"]
[Result "0-1"]
[WhiteElo "1990"]
[BlackElo "2217"]
[PlyCount "40"]
[EventDate "2015.10.03"]
[EventType "swiss"]
[EventRounds "9"]
[EventCountry "RUS"]
[SourceTitle "CBM 168 Extra"]
[Source "ChessBase"]
[SourceDate "2015.10.29"]
[SourceVersion "1"]
[SourceVersionDate "2015.10.29"]
[SourceQuality "1"]

1. f4 Nf6 2. Nf3 g6 3. g3 Bg7 4. Bg2 d6 5. 0-0 0-0 6. Nc3 c5 7. d4 cxd4 8. Nxd4 Nc6 9. Nxc6 bxc6 10. Kh1 Qb6 11. h3 d5 12. Na4 Qa5 13. c4 dxc4 14. Bd2 Qh5 15. h4 Bg4 16. Re1 Rad8 17. Rc1 Rd3 18. exd3 Bxd1 19. Rcxd1 cxd3 20. Bxc6 Ng4 0-1

[Event "Chigorin Memorial 23rd"]
[Site "St Petersburg"]
[Date "2015.10.06"]
[Round "4"]
[White "Zhikharev, Valeriy"]
[Black "Vinod, Gopal"]
[Result "1/2-1/2"]
[WhiteElo "2212"]
[BlackElo "1990"]
[PlyCount "104"]
[EventDate "2015.10.03"]
[EventType "swiss"]
[EventRounds "9"]
[EventCountry "RUS"]
[SourceTitle "CBM 168 Extra"]
[Source "ChessBase"]
[SourceDate "2015.10.29"]
[SourceVersion "1"]
[SourceVersionDate "2015.10.29"]
[SourceQuality "1"]

1. d4 d5 2. Bg5 h6 3. Bh4 c5 4. e3 Nf6 5. Bxf6 exf6 6. Nf3 Nc6 7. Nbd2 cxd4 8. exd4 Bd6 9. Bd3 0-0 10. 0-0 Bg4 11. c3 Rb8 12. Re1 b5 13. Nf1 b4 14. Ne3 Be6 15. c4 dxc4 16. Bxc4 Bxc4 17. Nxc4 Ne7 18. Ne3 Rb5 19. Qd3 a6 20. Rad1 f5 21. d5 f4 22. Nf5 Nxf5 23. Qxf5 g6 24. Qe4 Qf6 25. Re2 Ra5 26. Qc4 g5 27. Nd2 Qg6 28. Ne4 Rd8 29. b3 Rb5 30. Qd4 f5 31. Nf6+ Kf7 32. Qa7+ Kf8 33. Re6 Qf7 34. Qxa6 Rxd5 35. Nxd5 Qxe6 36. Nxb4 f3 37. g3 f4 38. Qd3 fxg3 39. Qxf3+ Ke8 40. Nd5 gxh2+ 41. Kg2 g4 42. Qe3 Kf7 43. Qxe6+ Kxe6 44. Ne3 h5 45. Nf1 Rf8 46. Rd2 h4 47. Nxh2 h3+ 48. Kg1 Rc8 49. Rd1 Bxh2+ 50. Kxh2 Rc2 51. Kg3 Rxa2 52. Rd4 h2 1/2-1/2

[Event "Pardubice op rap 24th"]
[Site "Pardubice"]
[Date "2013.07.18"]
[Round "9"]
[White "Loucek, Vlastimil"]
[Black "Vinod, Gopal"]
[Result "0-1"]
[WhiteElo "2232"]
[BlackElo "2009"]
[PlyCount "86"]
[EventDate "2013.07.17"]
[EventType "swiss (rapid)"]
[EventRounds "9"]
[EventCountry "CZE"]
[SourceTitle "CBM 155 Extra"]
[Source "ChessBase"]
[SourceDate "2013.08.26"]
[SourceVersion "1"]
[SourceVersionDate "2013.08.26"]
[SourceQuality "1"]

1. Nf3 d5 2. d4 Nf6 3. Bg5 Ne4 4. Bf4 c5 5. c3 Qb6 6. Qb3 c4 7. Qc2 Bf5 8. Nh4 Nxf2 9. Nxf5 Nxh1 10. e4 e6 11. Ne3 Bd6 12. e5 Be7 13. g4 g5 14. Bg3 Nxg3 15. hxg3 h5 16. gxh5 Rxh5 17. Nd2 Nc6 18. 0-0-0 a5 19. Bg2 a4 20. a3 Qb5 21. Rf1 Na5 22. Ng4 Nb3+ 23. Nxb3 axb3 24. Qf2 Rh7 25. Nf6+ Bxf6 26. Qxf6 Qd7 27. Qxg5 Rh8 28. Qf6 Rf8 29. Bh3 Qe7 30. Qg7 Rxa3 31. bxa3 Qxa3+ 32. Kd2 Qb2+ 33. Ke1 Qxc3+ 34. Kf2 Qxd4+ 35. Kg2 Qe4+ 36. Kg1 b2 37. Bxe6 b1Q 38. Bxf7+ Rxf7 39. Qxf7+ Kd8 40. Qf6+ Kc8 41. Rxb1 Qxb1+ 42. Kh2 Qh7+ 43. Kg2 Qe4+ 0-1

[Event "Pardubice op rap 24th"]
[Site "Pardubice"]
[Date "2013.07.18"]
[Round "5"]
[White "Vinod, Gopal"]
[Black "Le Ruyet, Leopold"]
[Result "1-0"]
[WhiteElo "2009"]
[BlackElo "2273"]
[PlyCount "70"]
[EventDate "2013.07.17"]
[EventType "swiss (rapid)"]
[EventRounds "9"]
[EventCountry "CZE"]
[SourceTitle "CBM 155 Extra"]
[Source "ChessBase"]
[SourceDate "2013.08.26"]
[SourceVersion "1"]
[SourceVersionDate "2013.08.26"]
[SourceQuality "1"]

1. d4 d5 2. Nf3 e6 3. Bf4 c5 4. c3 Nc6 5. e3 Bd6 6. Bg3 Nge7 7. Bd3 h6 8. Ne5 Bxe5 9. dxe5 Nf5 10. Bxf5 exf5 11. 0-0 0-0 12. Nd2 Be6 13. Qh5 Qb6 14. Rab1 d4 15. e4 f4 16. Bxf4 Bxa2 17. Ra1 Qxb2 18. c4 Rfe8 19. Rfc1 Nxe5 20. Bxe5 Qxd2 21. Rd1 Qb2 22. f4 Bxc4 23. Qg4 Rxe5 24. fxe5 Be2 25. Qf5 Bxd1 26. Rxd1 d3 27. Rf1 d2 28. Qxf7+ Kh8 29. Qd7 Qd4+ 30. Qxd4 cxd4 31. Rd1 a5 32. Rxd2 a4 33. e6 a3 34. e7 b5 35. Rxd4 a2 1-0

[Event "Novy Bor op-A"]
[Site "Novy Bor"]
[Date "2013.02.16"]
[Round "9"]
[White "Dambrauskas, Virginijus A"]
[Black "Vinod, Gopal"]
[Result "0-1"]
[WhiteElo "2321"]
[BlackElo "2030"]
[PlyCount "111"]
[EventDate "2013.02.09"]
[EventType "swiss"]
[EventRounds "9"]
[EventCountry "CZE"]
[SourceTitle "CBM 152 Extra"]
[Source "ChessBase"]
[SourceDate "2013.02.25"]
[SourceVersion "1"]
[SourceVersionDate "2013.02.25"]
[SourceQuality "1"]

1. d4 d5 2. c4 e6 3. Nc3 Nf6 4. Bg5 Be7 5. e3 h6 6. Bh4 0-0 7. Qc2 c6 8. Nf3 Nbd7 9. cxd5 Nxd5 10. Bg3 Nxc3 11. bxc3 c5 12. Bd3 cxd4 13. exd4 Nf6 14. 0-0 b6 15. Ne5 Bb7 16. Qe2 Rc8 17. Rac1 Ba3 18. Rc2 Qd5 19. Nf3 Ne4 20. c4 Nxg3 21. hxg3 Qd6 22. Be4 Bxe4 23. Qxe4 Qc6 24. Qe3 Bd6 25. Rfc1 Qa4 26. Qb3 Qa5 27. Qb5 Qxb5 28. cxb5 Rxc2 29. Rxc2 Rd8 30. Kf1 Kf8 31. Ke2 Ke7 32. g4 Ra8 33. Rc4 Kd7 34. Kd3 a6 35. Ra4 a5 36. Rc4 a4 37. Rc6 Bc7 38. Ne5+ Bxe5 39. dxe5 Rb8 40. Kc4 f6 41. exf6 gxf6 42. Kb4 Rg8 43. Rc4 Kd6 44. Kxa4 Kd5 45. Kb4 f5 46. gxf5 Rxg2 47. Rf4 exf5 48. Rxf5+ Ke6 49. Rh5 Rg6 50. f4 Rf6 51. f5+ Ke5 52. a4 Kf4 53. a5 bxa5+ 54. Kxa5 Kg4 55. Rh1 Rxf5 56. Rg1+ 0-1

[Event "Novy Bor op-A"]
[Site "Novy Bor"]
[Date "2013.02.14"]
[Round "7"]
[White "Vinod, Gopal"]
[Black "Molnar, Jiri"]
[Result "1-0"]
[WhiteElo "2030"]
[BlackElo "1877"]
[PlyCount "75"]
[EventDate "2013.02.09"]
[EventType "swiss"]
[EventRounds "9"]
[EventCountry "CZE"]
[SourceTitle "CBM 152 Extra"]
[Source "ChessBase"]
[SourceDate "2013.02.25"]
[SourceVersion "1"]
[SourceVersionDate "2013.02.25"]
[SourceQuality "1"]

1. d4 d5 2. Nf3 Bf5 3. c4 dxc4 4. Nc3 Nf6 5. Bf4 c6 6. a4 e6 7. e3 Bb4 8. Bxc4 Ne4 9. Qb3 Qa5 10. 0-0 0-0 11. Na2 b5 12. axb5 Bd6 13. Nc3 Qd8 14. b6 Nd7 15. Nxe4 Bxf4 16. Nc5 Bd6 17. Nb7 Qb8 18. bxa7 Qc7 19. Nxd6 Qxd6 20. Qb7 Be4 21. Nd2 Bf5 22. Ra6 Nf6 23. Rxc6 Qd8 24. b4 Ne4 25. Nxe4 Bxe4 26. Ra1 Bxc6 27. Qxc6 Qe7 28. Qc5 Qb7 29. b5 Rfc8 30. b6 Rc6 31. Ra6 Rxc5 32. dxc5 Rd8 33. h3 Kf8 34. Bb5 Qd5 35. c6 Qxb5 36. a8Q Qxb6 37. Rxb6 Rxa8 38. c7 1-0

[Event "Novy Bor op-A"]
[Site "Novy Bor"]
[Date "2013.02.12"]
[Round "4"]
[White "Vinod, Gopal"]
[Black "Vetter, Udo"]
[Result "1-0"]
[WhiteElo "2030"]
[BlackElo "1722"]
[PlyCount "69"]
[EventDate "2013.02.09"]
[EventType "swiss"]
[EventRounds "9"]
[EventCountry "CZE"]
[SourceTitle "CBM 152 Extra"]
[Source "ChessBase"]
[SourceDate "2013.02.25"]
[SourceVersion "1"]
[SourceVersionDate "2013.02.25"]
[SourceQuality "1"]

1. d4 g6 2. Nf3 Bg7 3. g3 d5 4. Bg2 Nf6 5. 0-0 0-0 6. c4 c6 7. Nc3 Bf5 8. Qb3 Qb6 9. Qxb6 axb6 10. cxd5 cxd5 11. Bg5 e6 12. Ne5 Ne4 13. Nxe4 Bxe4 14. f3 Bc2 15. Rfc1 Ba4 16. Be3 f6 17. Nd3 Nc6 18. Nf4 Rfe8 19. Bf2 Bb5 20. e4 g5 21. Nh5 Bh8 22. exd5 exd5 23. Rc3 f5 24. f4 Rad8 25. fxg5 Nxd4 26. Rc7 Bc6 27. Nf6+ Bxf6 28. gxf6 Ne2+ 29. Kf1 Rd7 30. Rxd7 Bxd7 31. Bxd5+ Kf8 32. Bxb6 Be6 33. Bxe6 Rxe6 34. Bc5+ Kf7 35. Re1 1-0

[Event "Novy Bor op-A"]
[Site "Novy Bor"]
[Date "2013.02.11"]
[Round "3"]
[White "Vinod, Gopal"]
[Black "Liska, Jiri2222"]
[Result "0-1"]
[WhiteElo "2030"]
[BlackElo "1794"]
[PlyCount "64"]
[EventDate "2013.02.09"]
[EventType "swiss"]
[EventRounds "9"]
[EventCountry "CZE"]
[SourceTitle "CBM 152 Extra"]
[Source "ChessBase"]
[SourceDate "2013.02.25"]
[SourceVersion "1"]
[SourceVersionDate "2013.02.25"]
[SourceQuality "1"]

1. d4 Nf6 2. Nf3 g6 3. g3 Bg7 4. Bg2 0-0 5. 0-0 d5 6. Bg5 c5 7. c3 Nc6 8. Nbd2 Qb6 9. dxc5 Qxc5 10. Nb3 Qd6 11. Bxf6 Bxf6 12. Nfd4 a6 13. Nxc6 bxc6 14. e4 Rd8 15. Qd3 e5 16. exd5 cxd5 17. c4 Be6 18. cxd5 Bf5 19. Qe3 e4 20. Rad1 Bxb2 21. Na5 Qc7 22. Nc6 Re8 23. Nd4 Bg4 24. Rb1 Rab8 25. Nc6 Rb7 26. f3 Bd7 27. Qc5 Bxc6 28. dxc6 Rb5 29. Qe3 Qxc6 30. fxe4 Qc2 31. Kh1 Bd4 32. Rbc1 Qxg2+ 0-1

[Event "Hong Kong-ch op"]
[Site "Hong Kong"]
[Date "2012.09.30"]
[Round "5"]
[White "Vinod, Gopal"]
[Black "Wang, Yiou"]
[Result "1/2-1/2"]
[WhiteElo "2063"]
[BlackElo "1871"]
[PlyCount "43"]
[EventDate "2012.09.28"]
[EventType "swiss"]
[EventRounds "9"]
[EventCountry "HKG"]
[SourceTitle "EXT 2024"]
[Source "ChessBase"]
[SourceDate "2023.10.10"]
[SourceVersion "1"]
[SourceVersionDate "2023.10.10"]
[SourceQuality "1"]

1. d4 d5 2. Nf3 Nf6 3. Bg5 e6 4. Nbd2 Be7 5. e3 0-0 6. Bd3 b6 7. 0-0 Bb7 8. Ne5 Nbd7 9. f4 Ne4 10. Bb5 Nxe5 11. Bxe7 Qxe7 12. Nxe4 Nc4 13. Bxc4 dxc4 14. Ng5 f6 15. Nf3 b5 16. c3 a6 17. Qc2 Rad8 18. Rae1 Qd6 19. Nd2 e5 20. Ne4 Bxe4 21. Qxe4 exd4 22. exd4 1/2-1/2

[Event "Melaka-chA"]
[Site "Melaka"]
[Date "2012.04.23"]
[Round "1"]
[White "Deepan Chakkravarthy, J."]
[Black "Vinod, Gopal"]
[Result "1-0"]
[WhiteElo "2461"]
[BlackElo "2044"]
[PlyCount "69"]
[EventDate "2012.04.23"]
[EventType "swiss"]
[EventRounds "9"]
[EventCountry "MAS"]
[SourceTitle "CBM 148 Extra"]
[Source "ChessBase"]
[SourceDate "2012.06.22"]
[SourceVersion "1"]
[SourceVersionDate "2012.06.22"]
[SourceQuality "1"]

1. d4 Nf6 2. Nf3 b6 3. g3 Bb7 4. Bg2 e6 5. c4 c5 6. d5 exd5 7. Nh4 g6 8. Nc3 Bg7 9. cxd5 d6 10. 0-0 0-0 11. e4 Ba6 12. Re1 b5 13. f4 b4 14. Na4 Bb5 15. e5 Qa5 16. b3 Nfd7 17. Nf3 Bxa4 18. bxa4 c4 19. Rb1 Nc5 20. Nd2 Nd3 21. Nxc4 Qc5+ 22. Be3 Qxc4 23. Bf1 dxe5 24. Qxd3 Qxd3 25. Bxd3 exf4 26. Bxf4 Nd7 27. Bd6 Rfd8 28. Bc7 Bd4+ 29. Kh1 Rdc8 30. d6 Nc5 31. Bc4 a5 32. Re7 Nxa4 33. Bxf7+ Kh8 34. Bd5 Ra7 35. d7 1-0

[Event "Lanta op 1st"]
[Site "Koh Lanta Island"]
[Date "2012.03.27"]
[Round "6"]
[White "Mojzis, Jan"]
[Black "Vinod, Gopal"]
[Result "1/2-1/2"]
[WhiteElo "2153"]
[BlackElo "2044"]
[PlyCount "81"]
[EventDate "2012.03.22"]
[EventType "swiss"]
[EventRounds "9"]
[EventCountry "THA"]
[SourceTitle "EXT 2013"]
[Source "ChessBase"]
[SourceDate "2012.11.22"]
[SourceVersion "1"]
[SourceVersionDate "2012.11.22"]
[SourceQuality "1"]

1. e4 e5 2. Nf3 Nc6 3. Bc4 Bc5 4. c3 Qe7 5. 0-0 d6 6. d4 Bb6 7. h3 h6 8. Re1 Nf6 9. a4 a6 10. a5 Ba7 11. Bd5 g5 12. dxe5 Nxe5 13. Nxe5 Qxe5 14. Be3 g4 15. Bxa7 Rxa7 16. Qd4 Qxd4 17. cxd4 gxh3 18. g3 0-0 19. Nc3 Bg4 20. e5 dxe5 21. dxe5 Nxd5 22. Nxd5 Bf3 23. Nf6+ Kg7 24. Re3 Bc6 25. Rd1 b6 26. axb6 cxb6 27. Nh5+ Kh7 28. Kh2 a5 29. Kxh3 a4 30. Rd6 Rc8 31. e6 Ra5 32. Nf6+ Kg7 33. Rxc6 Rxc6 34. e7 Ra8 35. e8Q Rxe8 36. Nxe8+ Kf8 37. Re2 b5 38. f4 b4 39. f5 a3 40. bxa3 bxa3 41. f6 1/2-1/2

[Event "Lanta op 1st"]
[Site "Koh Lanta Island"]
[Date "2012.03.25"]
[Round "4"]
[White "Vinod, Gopal"]
[Black "Wiwatanadate, Poompong"]
[Result "0-1"]
[WhiteElo "2044"]
[BlackElo "2080"]
[PlyCount "63"]
[EventDate "2012.03.22"]
[EventType "swiss"]
[EventRounds "9"]
[EventCountry "THA"]
[SourceTitle "EXT 2013"]
[Source "ChessBase"]
[SourceDate "2012.11.22"]
[SourceVersion "1"]
[SourceVersionDate "2012.11.22"]
[SourceQuality "1"]

1. e4 c5 2. d4 cxd4 3. c3 dxc3 4. Nxc3 Nc6 5. Nf3 d6 6. Bc4 a6 7. 0-0 Nf6 8. h3 e6 9. Qe2 b5 10. Bb3 Ra7 11. Rd1 Rd7 12. Be3 Bb7 13. Rac1 Na5 14. Bc2 Nc4 15. Bd3 Nxe3 16. Qxe3 b4 17. Na4 Be7 18. Nb6 Rc7 19. Rxc7 Qxc7 20. Rc1 Qb8 21. g4 Nd7 22. Nxd7 Kxd7 23. Bc2 Bf6 24. Ba4+ Ke7 25. e5 Bxe5 26. Nxe5 dxe5 27. Qc5+ Kf6 28. g5+ Kg6 29. Bc2+ e4 30. h4 Qf4 31. Bd1 Qxh4 32. Qe7 0-1

[Event "Lanta op 1st"]
[Site "Koh Lanta Island"]
[Date "2012.03.24"]
[Round "3"]
[White "Hrtko, Vladimir"]
[Black "Vinod, Gopal"]
[Result "0-1"]
[WhiteElo "2136"]
[BlackElo "2044"]
[PlyCount "88"]
[EventDate "2012.03.22"]
[EventType "swiss"]
[EventRounds "9"]
[EventCountry "THA"]
[SourceTitle "EXT 2013"]
[Source "ChessBase"]
[SourceDate "2012.11.22"]
[SourceVersion "1"]
[SourceVersionDate "2012.11.22"]
[SourceQuality "1"]

1. d4 d5 2. c4 e6 3. Nf3 Nf6 4. g3 Be7 5. Bg2 0-0 6. 0-0 c6 7. Qc2 b6 8. Ne5 Bb7 9. Bf4 Nfd7 10. Nd2 Nxe5 11. dxe5 Nd7 12. Nf3 g5 13. Be3 g4 14. Nd2 Nxe5 15. Bh6 Re8 16. cxd5 cxd5 17. f4 gxf3 18. Nxf3 Ng4 19. Qd2 Bc5+ 20. Kh1 Qf6 21. Bg5 Qg7 22. h3 Nf2+ 23. Kh2 Ne4 24. Qc1 Rac8 25. Bf4 Bg1+ 26. Rxg1 Rxc1 27. Raxc1 Qxb2 28. Rc7 Ba6 29. Ne5 Rf8 30. Nd7 Rc8 31. Rgc1 Rxc7 32. Rxc7 Qxe2 33. Rxa7 f6 34. Nxb6 Bd3 35. Nc8 Qb2 36. Ne7+ Kf8 37. Nc6 Bf1 38. Ra8+ Kf7 39. Ra7+ Ke8 40. Re7+ Kf8 41. Bh6+ Kg8 42. Re8+ Kf7 43. Re7+ Kg6 44. Ne5+ Kf5 0-1

[Event "Lanta op 1st"]
[Site "Koh Lanta Island"]
[Date "2012.03.22"]
[Round "1"]
[White "Jina, Lubos"]
[Black "Vinod, Gopal"]
[Result "0-1"]
[WhiteElo "1789"]
[BlackElo "2044"]
[PlyCount "61"]
[EventDate "2012.03.22"]
[EventType "swiss"]
[EventRounds "9"]
[EventCountry "THA"]
[SourceTitle "EXT 2013"]
[Source "ChessBase"]
[SourceDate "2012.11.22"]
[SourceVersion "1"]
[SourceVersionDate "2012.11.22"]
[SourceQuality "1"]

1. d4 d5 2. c4 e6 3. Nf3 Be7 4. e3 Nf6 5. Nc3 0-0 6. Bd3 b6 7. cxd5 exd5 8. 0-0 c5 9. b3 Nc6 10. dxc5 bxc5 11. Bb2 Bg4 12. Be2 Rb8 13. Na4 Ne4 14. Rc1 Bd6 15. h3 Be6 16. Bd3 f5 17. Qe2 f4 18. exf4 Bxf4 19. Rc2 Nb4 20. Bxe4 dxe4 21. Rxc5 Bd5 22. Ne1 Bd6 23. Qg4 Rf7 24. Rxd5 Nxd5 25. Qxe4 Rb4 26. Qc2 Nf4 27. Bc3 Qg5 28. Kh1 Qb5 29. Nd3 Nxd3 30. Bxb4 Nxb4 31. Qc1 0-1

[Event "Ho Chi Minh City HD Bank op 2nd"]
[Site "Ho Chi Minh City"]
[Date "2012.03.06"]
[Round "8"]
[White "Do, Thi Thuong"]
[Black "Vinod, Gopal"]
[Result "1-0"]
[WhiteElo "2091"]
[BlackElo "2044"]
[PlyCount "127"]
[EventDate "2012.03.02"]
[EventType "swiss"]
[EventRounds "9"]
[EventCountry "VIE"]
[SourceTitle "CBM 147 Extra"]
[Source "ChessBase"]
[SourceDate "2012.04.24"]
[SourceVersion "1"]
[SourceVersionDate "2012.04.24"]
[SourceQuality "1"]

1. c4 e5 2. Nc3 Nf6 3. d3 Bc5 4. g3 d5 5. cxd5 c6 6. dxc6 Nxc6 7. Bg2 0-0 8. Bd2 Qe7 9. Nf3 h6 10. 0-0 Rd8 11. Rc1 Bf5 12. Na4 Bd6 13. Nh4 Bd7 14. Nc3 Rac8 15. a3 Be6 16. Nf3 Na5 17. Nd5 Bxd5 18. Bxa5 b6 19. Rxc8 Rxc8 20. Bc3 Bxf3 21. Bxf3 Bxa3 22. Bxe5 Qxe5 23. bxa3 Qa5 24. a4 Nd7 25. d4 Rc4 26. e3 Nf6 27. d5 Qxa4 28. Qxa4 Rxa4 29. d6 Rc4 30. Rd1 Nd7 31. Be2 Rc5 32. e4 Kf8 33. f4 f6 34. Kf2 Ke8 35. Ke3 Nf8 36. Bg4 g6 37. Be2 Kd7 38. Ra1 Kxd6 39. Rxa7 Nd7 40. Bg4 f5 41. exf5 gxf5 42. Be2 Rc8 43. Bd3 Rf8 44. Kd4 Rf6 45. Rb7 Kc6 46. Ra7 Nc5 47. Bc2 b5 48. Ke5 Re6+ 49. Kxf5 Re2 50. Ra2 Kb6 51. Bb1 Re1 52. Bc2 b4 53. Rb2 Ka5 54. Kg6 Re6+ 55. Kg7 Rb6 56. f5 b3 57. Bb1 Kb4 58. f6 Na4 59. Rf2 Nc3 60. f7 Rb7 61. Bg6 Nd1 62. Rd2 Ne3 63. Kxh6 Rxf7 64. Bxf7 1-0

[Event "Ho Chi Minh City HD Bank op 2nd"]
[Site "Ho Chi Minh City"]
[Date "2012.03.02"]
[Round "1"]
[White "Ly, Moulthun"]
[Black "Vinod, Gopal"]
[Result "1-0"]
[WhiteElo "2402"]
[BlackElo "2044"]
[PlyCount "51"]
[EventDate "2012.03.02"]
[EventType "swiss"]
[EventRounds "9"]
[EventCountry "VIE"]
[SourceTitle "CBM 147 Extra"]
[Source "ChessBase"]
[SourceDate "2012.04.24"]
[SourceVersion "1"]
[SourceVersionDate "2012.04.24"]
[SourceQuality "1"]

1. e4 e5 2. Nf3 Nc6 3. Bb5 a6 4. Ba4 Nf6 5. d3 b5 6. Bb3 Be7 7. 0-0 0-0 8. Bd5 Bd6 9. Bg5 h6 10. Bh4 g5 11. Bg3 Nxd5 12. exd5 Ne7 13. Nxe5 f5 14. f4 Bxe5 15. fxe5 f4 16. Bf2 Nxd5 17. Qf3 c6 18. c4 Ne7 19. Bc5 Rf7 20. Qh5 Qf8 21. Nd2 Qg7 22. Ne4 Qxe5 23. Rae1 d6 24. d4 Qg7 25. Nxd6 Rf8 26. Nxc8 1-0

[Event "Mumbai Mayors Cup 4th"]
[Site "Mumbai"]
[Date "2011.09.18"]
[Round "4"]
[White "Sengupta, Deep"]
[Black "Vinod, Gopal"]
[Result "1-0"]
[WhiteElo "2572"]
[BlackElo "2138"]
[PlyCount "55"]
[EventDate "2011.09.16"]
[EventType "swiss"]
[EventRounds "11"]
[EventCountry "IND"]
[SourceTitle "CBM 144 Extra"]
[Source "ChessBase"]
[SourceDate "2011.10.28"]
[SourceVersion "1"]
[SourceVersionDate "2011.10.28"]
[SourceQuality "1"]

1. e4 e5 2. Nf3 Nc6 3. Bb5 a6 4. Ba4 Nf6 5. 0-0 Be7 6. Re1 b5 7. Bb3 0-0 8. d4 Nxd4 9. Nxd4 exd4 10. e5 Ne8 11. c3 dxc3 12. Nxc3 Bb7 13. Nd5 Bxd5 14. Qxd5 d6 15. e6 f5 16. Bg5 Nf6 17. Qxf5 Qe8 18. Re3 d5 19. Rh3 g6 20. Qc2 Ne4 21. Bxe7 Qxe7 22. Bxd5 Nxf2 23. Rf3 Rad8 24. Rxf8+ Rxf8 25. Rc1 c6 26. Bb3 Rf5 27. Qd2 Ne4 28. Qd8+ 1-0